000 00437nam a2200181Ia 4500
001 17060
005 20260306170357.0
008 260306t1996||||xx |||||||||||||| ||und||
041 _aESP
082 _a657.45
_bA69 1996
100 _aArens, Alvin A.
_eAUT
245 0 _aAuditoría:
_bun enfoque integral
260 _c1996
300 _axvii, 918 páginas :
_c25 cm.
650 _aGEN
654 _aCCO
942 _cLIB
_dJUS
_fJUS
_2ddc
_n
999 _c17060
_d17060